| 000 | 00748nam a2200229 a 4500 | ||
|---|---|---|---|
| 001 | 000045956 | ||
| 003 | DO-SdBNP | ||
| 005 | 20220504134556.0 | ||
| 007 | ta | ||
| 008 | 150603s2015 dr ac 000 0 spa d | ||
| 020 | _z9789945410648 | ||
| 040 |
_aDO-SdBNP _bspa _cBNPHU |
||
| 082 | 4 | _222 | |
| 100 | 1 |
_aJesús de la Rosa, _d1936- _974030 |
|
| 245 | 1 | 3 |
_aLa revolución de abril 1965 / _cJesús de la Rosa ; prólogo Franklin Franco. |
| 260 |
_aSanto Domingo : _bLetragráfica, _c2015. |
||
| 300 |
_a255 p. : _bil., retrs. ; _c22 cm. |
||
| 500 | _aIncluye referencias bibliográficas y notas al pie de las páginas e índice onomástico | ||
| 590 | _aInventariado, 2022/BT | ||
| 700 | 1 |
_aFranco, Franklin J., _epról. _919014 |
|
| 942 |
_2ddc _cLBS1 |
||
| 999 |
_c45445 _d45445 |
||